000
00202nam a22000857a 4500
001
1236327
005
20251001161007.0
245
_a
HIZLI TOSBİ
_c
İSMET BERTAN
260
_b
GÜNIŞIĞI KİTAPLIĞI YAYINLARI
999
_c
1236327
_d
1236327